00511nam a22001697a 450000500170000001000150001702000110003203500140004303700250005708200080008210000180009024500410010826000380014927000610018730000210024850000720026920240321123756.0 aENG-139889 c160.00 aEN-123421 bChampion Publication a000 aPratap, Gagan aCPO Practice King/bBy Gagan Pratap aDelhibChampion Publicationc2023 a2nd Floor, Jaina Ext. Dr. Mukherjee NagarbDelhie110009 a188p.c28cm(pbk) a1200+ TCS-MCQ Al Latest TCS Questions Asked in SSC Exams Till 2023